| 000 | 00450nam a2200205Ia 4500 | ||
|---|---|---|---|
| 001 | 2178 | ||
| 008 | 230305s1976 xx 000 0 und d | ||
| 020 | _a9788402049278 | ||
| 041 | _aspa | ||
| 245 | 0 | _aLibro rojo de mao | |
| 260 |
_a _bBruguera, _c1976 |
||
| 300 | _a253 p. ; 18 cm | ||
| 700 |
_aMadridejos, Mateo, _eAuthor |
||
| 902 | _a0 | ||
| 905 | _am | ||
| 912 | _a1976-01-01 | ||
| 942 | _a1 | ||
| 953 | _d2018-05-07 15:47:46 | ||
| 999 |
_c1894 _d1894 |
||